[Event "Weihnachtsopen (M)"]
[Site "Zurich"]
[Date "2010.12.27"]
[Round "2"]
[White "Gaehwiler, Gabriel"]
[Black "Bindrich, Falko"]
[Result "1/2-1/2"]
[WhiteElo "2228"]
[BlackElo "2504"]
[PlyCount "86"]

1. e4 e5 2. Nf3 Nc6 3. d4 exd4 4. Nxd4 Bc5 5. Be3 Qf6 6. c3 Nge7 7. Bc4 O-O 8.
O-O b6 9. f4 d5 10. exd5 Na5 11. Bd3 Bb7 12. Nd2 Nxd5 13. Ne4 Qh6 14. Bd2 Bxd4+
15. cxd4 Rae8 16. f5 Ne3 17. Qf3 Bxe4 18. Bxe4 Nac4 19. Bc1 Qh4 20. Bxe3 Qxe4
21. Qxe4 Rxe4 22. Bf2 Nxb2 23. Rac1 Rc8 24. Rc3 Na4 25. Rc6 Rf4 26. Re1 h5 27.
d5 Rd8 28. Re5 Rd7 29. Be3 Rb4 30. f6 Rg4 31. Rxh5 gxf6 32. Rxf6 Nc3 33. Rff5
Re7 34. Rh3 Nd1 35. Rff3 Re5 36. Rhg3 Rxg3 37. Rxg3+ Kf8 38. Bh6+ Ke7 39. h4
Rxd5 40. Rg8 Nc3 41. g4 c5 42. h5 Ne4 43. Bf4 Nf6 1/2-1/2

[Event "Weihnachtsopen (M)"]
[Site "Zurich"]
[Date "2010.12.27"]
[Round "2"]
[White "Moor, Olivier"]
[Black "Schaerer, Julian"]
[Result "1-0"]
[WhiteElo "2428"]
[BlackElo "2104"]
[PlyCount "109"]

1. d4 Nf6 2. c4 g6 3. Nc3 Bg7 4. e4 d6 5. Be2 O-O 6. Bg5 Na6 7. Qd2 e5 8. d5 c6
9. h4 cxd5 10. cxd5 Nc5 11. f3 a5 12. g4 a4 13. Nh3 Bd7 14. h5 Qa5 15. Nf2 b5
16. Rc1 Rfc8 17. hxg6 hxg6 18. Bh6 Bh8 19. Kf1 b4 20. Ncd1 a3 21. b3 Bb5 22.
Bxb5 Qxb5+ 23. Kg2 Nfd7 24. Ne3 f6 25. Nc4 Ra6 26. Rc2 Qb8 27. Qe2 Bg7 28. Qd2
Bh8 29. Rhc1 Bg7 30. Bxg7 Kxg7 31. Ne3 Ra7 32. Rc4 Rb7 33. Nc2 Qa7 34. Nxb4 Nb6
35. R4c2 Qa5 36. Nc6 Qa8 37. Na5 Rbc7 38. Nd3 Na6 39. Nc6 Qb7 40. Qa5 Nb8 41.
Ndb4 N6d7 42. Qxa3 Qb5 43. Qa5 Qb7 44. Nd8 Rxc2+ 45. Nxc2 Qb6 46. Ne6+ Kf7 47.
Qd2 f5 48. Ne3 Rxc1 49. Qxc1 Qa7 50. Qd2 Nc5 51. Nc4 Qe7 52. Nxc5 dxc5 53. Qa5
Nd7 54. Qc7 Ke8 55. a4 1-0

[Event "Weihnachtsopen (M)"]
[Site "Zurich"]
[Date "2010.12.27"]
[Round "2"]
[White "Botta, Gabriele"]
[Black "Meylan, Andre"]
[Result "1-0"]
[WhiteElo "2270"]
[BlackElo "1964"]
[PlyCount "91"]

1. e4 e6 2. d4 d5 3. Nd2 c5 4. Ngf3 Nc6 5. exd5 exd5 6. Bb5 Bd6 7. O-O Nge7 8.
dxc5 Bxc5 9. Nb3 Bd6 10. c3 O-O 11. Bg5 Bg4 12. Be2 h6 13. Bh4 Re8 14. Re1 Qb6
15. Bxe7 Nxe7 16. Nfd4 Bxe2 17. Qxe2 Rad8 18. Rad1 Kf8 19. Qf3 Qa6 20. Ne6+ Kg8
21. Nxd8 Rxd8 22. Nd4 Qxa2 23. Nb5 Qa6 24. Nxd6 Qxd6 25. Rd2 Qd7 26. Red1 Qc7
27. h3 a6 28. Re1 Qd7 29. Re5 Kf8 30. Qe3 Qd6 31. Re2 Re8 32. Qd4 Qc6 33. Qb4
Qd7 34. Qc5 Qd8 35. f4 Qd7 36. Qd4 Qc6 37. Kh1 Qb5 38. Qe3 Qd7 39. Qd3 f6 40.
R5e3 Kf7 41. c4 Qc7 42. cxd5 Qxf4 43. d6 Nf5 44. Rxe8 Ng3+ 45. Qxg3 Qxg3 46. d7
1-0

[Event "Weihnachtsopen (M)"]
[Site "Zurich"]
[Date "2010.12.27"]
[Round "2"]
[White "Tschanz, Dominik"]
[Black "Kriste, Vincent"]
[Result "0-1"]
[WhiteElo "1950"]
[BlackElo "2193"]
[PlyCount "58"]

1. e4 c5 2. Nc3 Nc6 3. f4 g6 4. Nf3 Bg7 5. Bb5 Na5 6. a4 a6 7. Be2 d6 8. O-O
Nf6 9. d3 O-O 10. Qe1 Nc6 11. f5 Nd4 12. Bd1 e6 13. Qh4 Nd7 14. f6 Nxf3+ 15.
Rxf3 Bxf6 16. Rxf6 Qxf6 17. Bg5 Qd4+ 18. Kh1 f6 19. Bh6 Rf7 20. Bg4 Ne5 21. Bh3
g5 22. Qh5 Bd7 23. Rf1 b5 24. axb5 axb5 25. Nxb5 Bxb5 26. Bxg5 Bd7 27. Bh6 Qxb2
28. Bg4 Nxg4 29. Qxg4+ Kh8 0-1

[Event "Weihnachtsopen (A)"]
[Site "Zurich"]
[Date "2010.12.27"]
[Round "2"]
[White "Klaus, Ingo"]
[Black "Schweizer, Robert"]
[Result "1-0"]
[WhiteElo "2043"]
[BlackElo "1856"]
[PlyCount "81"]

1. e4 c5 2. Nf3 d6 3. Bb5+ Bd7 4. a4 a6 5. Bxd7+ Nxd7 6. a5 Ngf6 7. d3 b5 8.
axb6 Qxb6 9. Nbd2 g6 10. Nc4 Qc7 11. Bd2 Bg7 12. O-O O-O 13. Ba5 Qc6 14. h3 Ne8
15. Ra2 Nc7 16. Qe2 Ne6 17. Rfa1 Ra7 18. Bd2 Rfa8 19. Qe1 Nd4 20. Nxd4 Bxd4 21.
Bc3 Bxc3 22. Qxc3 Nb6 23. Ne3 e5 24. Ra5 Qc7 25. R1a2 h5 26. b3 Kg7 27. f4 f6
28. fxe5 fxe5 29. Qe1 Qf7 30. Ra1 Qb7 31. Qg3 Kh7 32. Rf1 Qg7 33. Rfa1 Qf7 34.
Qe1 Qb7 35. Qd2 Kg7 36. b4 c4 37. Nxc4 Nxc4 38. dxc4 Qxe4 39. Qxd6 Qe3+ 40. Kh1
Rf7 41. Qxe5+ 1-0

[Event "Weihnachtsopen (A)"]
[Site "Zurich"]
[Date "2010.12.27"]
[Round "2"]
[White "Joncic, Dragan"]
[Black "Suter, Stephan"]
[Result "1-0"]
[WhiteElo "1847"]
[BlackElo "2021"]
[PlyCount "113"]

1. e4 c5 2. b4 b6 3. bxc5 bxc5 4. Nc3 Nc6 5. Nf3 g6 6. Bb5 Nd4 7. Bc4 Bg7 8.
O-O d6 9. Rb1 Bd7 10. Re1 Nh6 11. e5 O-O 12. exd6 exd6 13. Nxd4 Bxd4 14. Nd5
Bg4 15. Be2 Re8 16. d3 Bxe2 17. Rxe2 Ng4 18. Be3 Bxe3 19. Nxe3 Nxe3 20. Rxe3
Rxe3 21. fxe3 Qg5 22. Qf3 Re8 23. Kf2 Re6 24. Ke2 Rf6 25. Qg3 Qh5+ 26. Kd2 Qd5
27. c4 Qf5 28. Ke2 Kg7 29. h3 d5 30. Qf3 Qxf3+ 31. gxf3 dxc4 32. dxc4 Rb6 33.
Rb5 Ra6 34. Rxc5 Rxa2+ 35. Kd3 Rh2 36. Ra5 Rxh3 37. Ke2 h5 38. Rxa7 g5 39. c5
g4 40. fxg4 hxg4 41. Ra4 Rh2+ 42. Kd3 f5 43. c6 g3 44. c7 Rh8 45. Ke2 Rh2+ 46.
Kd3 Rh8 47. Ke2 Rh2+ 48. Kf3 Rc2 49. Ra7 Kf6 50. Kxg3 Ke5 51. Kf3 Rc5 52. Rb7
Rc4 53. Ra7 Rc5 54. Ra5 Rxa5 55. c8=Q Rd5 56. Qe8+ Kf6 57. Kf4 1-0

[Event "Weihnachtsopen (A)"]
[Site "Zurich"]
[Date "2010.12.27"]
[Round "2"]
[White "Nemcova , Karolina"]
[Black "Sigrist, Rene"]
[Result "1-0"]
[WhiteElo "1983"]
[BlackElo "1833"]
[PlyCount "53"]

1. e4 c6 2. d4 d5 3. Nd2 dxe4 4. Nxe4 Bf5 5. Ng3 Bg6 6. h4 h6 7. Nf3 Nd7 8. h5
Bh7 9. Bd3 Bxd3 10. Qxd3 e6 11. Bd2 Qc7 12. Ne4 Ngf6 13. b3 Nxe4 14. Qxe4 c5
15. O-O-O Nf6 16. Qe2 O-O-O 17. Rh4 Rd5 18. dxc5 Nxh5 19. c4 Qxc5 20. b4 Qc6
21. Kb1 Rf5 22. Nd4 Qb6 23. Nxf5 Bxb4 24. Bxb4 Qxb4+ 25. Qb2 Qxb2+ 26. Kxb2
exf5 27. Rxh5 1-0

[Event "Weihnachtsopen (A)"]
[Site "Zurich"]
[Date "2010.12.27"]
[Round "2"]
[White "Steiner, Alfred"]
[Black "Stucki, Roman"]
[Result "0-1"]
[WhiteElo "1831"]
[BlackElo "1965"]
[PlyCount "60"]

1. e4 e5 2. Nf3 Nc6 3. d4 exd4 4. Nxd4 Nf6 5. Nxc6 bxc6 6. Bd3 Qe7 7. O-O g6 8.
Nd2 Bg7 9. Nf3 O-O 10. Re1 Re8 11. c3 Bb7 12. Bg5 h6 13. Bf4 d6 14. Qc2 Qd7 15.
Rad1 c5 16. c4 Re7 17. Re2 Rae8 18. Rde1 Nh7 19. h3 g5 20. Bg3 Nf8 21. Re3 Ne6
22. e5 Bxf3 23. gxf3 Nd4 24. Bh7+ Kh8 25. Qd3 Qxh3 26. f4 Qh5 27. exd6 Rxe3 28.
Rxe3 Rxe3 29. Qxe3 Nf3+ 30. Kf1 Qh1+ 0-1

[Event "Weihnachtsopen (A)"]
[Site "Zurich"]
[Date "2010.12.27"]
[Round "2"]
[White "Stucki, Kaspar"]
[Black "Sach, Tomas"]
[Result "0-1"]
[WhiteElo "1958"]
[BlackElo "1815"]
[PlyCount "59"]

1. e4 e6 2. d4 c5 3. Nf3 cxd4 4. Nxd4 Bc5 5. Nb3 Bb6 6. Nc3 Nc6 7. Nb5 Bc7 8.
Qg4 g6 9. Bd2 a6 10. Nxc7+ Qxc7 11. Bc3 f6 12. h4 e5 13. Qf3 d6 14. g4 Be6 15.
g5 f5 16. h5 fxe4 17. Qxe4 Bf5 18. Qe2 gxh5 19. Bh3 Bg6 20. f4 Nge7 21. O-O-O
O-O 22. fxe5 Nxe5 23. Bxe5 dxe5 24. Rd7 Qc6 25. Rhd1 Nf5 26. Qxe5 Rae8 27. Qh2
Ne3 28. Nd4 Qa4 29. Rd3 Bxd3 30. cxd3 0-1

[Event "Weihnachtsopen (A)"]
[Site "Zurich"]
[Date "2010.12.27"]
[Round "2"]
[White "Saric, Vili"]
[Black "Wegelin, Reinhard"]
[Result "0-1"]
[WhiteElo "1817"]
[BlackElo "1953"]
[PlyCount "56"]

1. d4 Nf6 2. c4 Nc6 3. Nc3 e5 4. d5 Ne7 5. e4 Ng6 6. Bd3 Bb4 7. Nf3 Bxc3+ 8.
bxc3 d6 9. c5 dxc5 10. Be3 b6 11. a4 a5 12. Bb5+ Bd7 13. Bxd7+ Qxd7 14. Qc2 O-O
15. Bg5 Ne8 16. h4 f6 17. h5 Nf4 18. Bxf4 exf4 19. Rh4 f5 20. Rxf4 fxe4 21.
Rxf8+ Kxf8 22. Qxe4 Nf6 23. Qf4 Re8+ 24. Kf1 Re4 25. Qd2 Qxd5 26. Qxd5 Nxd5 27.
Nd2 Rh4 28. c4 Rh1+ 0-1

[Event "Weihnachtsopen (A)"]
[Site "Zurich"]
[Date "2010.12.27"]
[Round "2"]
[White "Rueegg, Rene"]
[Black "Kuenzi, Mark"]
[Result "1-0"]
[WhiteElo "1813"]
[BlackElo "1950"]
[PlyCount "69"]

1. d4 b6 2. e4 e6 3. Bd3 Bb7 4. Nf3 c5 5. c3 Be7 6. Bf4 Nf6 7. Nbd2 cxd4 8.
cxd4 d6 9. O-O O-O 10. Qe2 Nc6 11. a3 Qd7 12. Rac1 Rfd8 13. Bb5 a6 14. Ba4 b5
15. Bb3 Na5 16. Ba2 Rac8 17. b4 Rxc1 18. Rxc1 Nc6 19. Bg5 h6 20. Bh4 d5 21.
Bxf6 Bxf6 22. e5 Be7 23. Qd3 f5 24. exf6 Bxf6 25. Bb1 g5 26. Nf1 e5 27. dxe5
Nxe5 28. Nxe5 Bxe5 29. Re1 Bg7 30. Qh7+ Kf8 31. Bf5 Qf7 32. Be6 Qf6 33. Ng3 Qc3
34. Qg8+ Ke7 35. Nf5+ 1-0

[Event "Weihnachtsopen (A)"]
[Site "Zurich"]
[Date "2010.12.27"]
[Round "2"]
[White "Suri, Hans"]
[Black "Germann, Leo"]
[Result "0-1"]
[WhiteElo "1927"]
[BlackElo "1798"]
[PlyCount "85"]

1. e4 d5 2. exd5 Nf6 3. c4 c6 4. Nc3 cxd5 5. cxd5 Nxd5 6. Qb3 e6 7. Bb5+ Nc6 8.
Nf3 Nxc3 9. dxc3 Qc7 10. O-O Be7 11. Re1 O-O 12. Bg5 Bxg5 13. Nxg5 h6 14. Nf3
b6 15. Qc4 Bb7 16. Ne5 Rac8 17. Bxc6 Bxc6 18. Qxc6 Qxc6 19. Nxc6 Rxc6 20. Rad1
Rfc8 21. Re3 Kf8 22. Kf1 Ke7 23. Red3 R8c7 24. Ke2 Rb7 25. Ke3 Rcc7 26. Ke4 Rd7
27. Rxd7+ Rxd7 28. Rxd7+ Kxd7 29. f4 Kd6 30. b3 f6 31. g4 g6 32. Kd4 g5 33.
fxg5 hxg5 34. Ke4 Kc5 35. a3 b5 36. Kd3 f5 37. gxf5 exf5 38. Ke3 a5 39. Kd3 a4
40. b4+ Kd5 41. h3 f4 42. c4+ bxc4+ 43. Kc3 0-1

[Event "Weihnachtsopen (A)"]
[Site "Zurich"]
[Date "2010.12.27"]
[Round "2"]
[White "Schmid, Joachim"]
[Black "Marentini , Marcel"]
[Result "0-1"]
[WhiteElo "1799"]
[BlackElo "1919"]
[PlyCount "164"]

1. d4 d5 2. Bf4 c6 3. c3 Nf6 4. h3 g6 5. Nd2 Bg7 6. Ngf3 O-O 7. e3 b6 8. Be2
Bb7 9. O-O c5 10. Ne5 Nc6 11. Nxc6 Bxc6 12. Be5 Qd7 13. Re1 Qb7 14. Qb3 c4 15.
Qc2 b5 16. Bf3 Bh6 17. Nf1 Nd7 18. Bg3 f5 19. Bh2 Rae8 20. Be2 e5 21. f4 exd4
22. exd4 Qb8 23. g3 Nf6 24. Nd2 Ne4 25. Nf3 Re7 26. Ne5 Qb6 27. h4 Rb8 28. Bf3
Be8 29. a3 Reb7 30. Reb1 a5 31. Kf1 Bf8 32. Bxe4 fxe4 33. Bg1 Qe6 34. Be3 Be7
35. Qe2 b4 36. axb4 axb4 37. Rc1 bxc3 38. bxc3 Rb2 39. Qg4 Bf7 40. Ra7 R2b7 41.
Raa1 Qb6 42. Ke1 h5 43. Qe2 Qe6 44. Qg2 Rb2 45. Rc2 Rxc2 46. Qxc2 Qh3 47. Qf2
Kg7 48. Nc6 Rb7 49. Nxe7 Rxe7 50. Kd2 Rb7 51. Kc2 Qd7 52. Kc1 Qb5 53. Qc2 Qd7
54. Qg2 Be6 55. Rb1 Ra7 56. Qb2 Bf7 57. Qg2 Ra3 58. Bd2 Qf5 59. Be1 Be6 60. Qe2
Kf6 61. Qe3 Ra6 62. Rb2 Bd7 63. Kb1 Qg4 64. Qe2 Qf5 65. Qe3 Qe6 66. Ra2 Qb6+
67. Rb2 Qa5 68. Kc1 Qa1+ 69. Rb1 Qa3+ 70. Kd2 Ba4 71. Qf2 Re6 72. Ke3 Bb3 73.
Qb2 Ra6 74. Qxa3 Rxa3 75. Bd2 Kf5 76. Rg1 Ra2 77. Rc1 Kg4 78. Rh1 Bc2 79. Kf2
Bd3 80. Ke3 Ra6 81. Kf2 e3+ 82. Bxe3 Ra2+ 0-1

[Event "Weihnachtsopen (A)"]
[Site "Zurich"]
[Date "2010.12.27"]
[Round "2"]
[White "Saikrishnan, Sai"]
[Black "Zuest, Leonard"]
[Result "1/2-1/2"]
[WhiteElo "1911"]
[BlackElo "1785"]
[PlyCount "69"]

1. d4 Nf6 2. c4 g6 3. Nc3 d5 4. Nf3 Bg7 5. Qb3 c6 6. Bg5 Ne4 7. Bf4 O-O 8. e3
b6 9. Bd3 Nxc3 10. bxc3 Bb7 11. Rd1 Nd7 12. O-O Nf6 13. h3 e6 14. a4 Qe7 15.
Ne5 Nd7 16. Nxd7 Qxd7 17. Rb1 dxc4 18. Bxc4 h6 19. Rfd1 Rad8 20. Be2 Qc8 21.
Bf3 Ba6 22. c4 c5 23. d5 e5 24. Bg3 f5 25. e4 f4 26. Bg4 Qc7 27. Be6+ Kh8 28.
Bh2 Bc8 29. Bxc8 Qxc8 30. Rd3 Rd6 31. f3 Bf6 32. Kf1 Bh4 33. Bg1 Bg3 34. Bf2 h5
35. Ke2 1/2-1/2

[Event "Weihnachtsopen (A)"]
[Site "Zurich"]
[Date "2010.12.27"]
[Round "2"]
[White "Nuri, Kaiwan"]
[Black "Gehrig, Peter"]
[Result "1-0"]
[WhiteElo "1798"]
[BlackElo "1910"]
[PlyCount "75"]

1. d4 Nf6 2. c4 e6 3. Nf3 b6 4. Nc3 Bb7 5. Bg5 Be7 6. g3 d5 7. cxd5 exd5 8. Bg2
O-O 9. a3 Nbd7 10. b4 c6 11. O-O Re8 12. Re1 h6 13. Bf4 Nh5 14. Be5 Nhf6 15.
Bf4 Nf8 16. Ne5 Nh5 17. Bd2 Bd6 18. Nd3 Nf6 19. e4 dxe4 20. Nxe4 Nd5 21. Nxd6
Qxd6 22. Ne5 Ne6 23. Bc1 Rad8 24. Qh5 Qc7 25. Bxd5 Rxd5 26. Qg4 Rxd4 27. Qf5
Ng5 28. Bxg5 hxg5 29. Nf3 Rdd8 30. Nxg5 g6 31. Qh3 Kg7 32. Qh7+ Kf6 33. Ne4+
Rxe4 34. Rxe4 c5 35. Rf4+ Ke6 36. Re1+ Kd6 37. Rxf7 Rd7 38. Rxd7+ 1-0

[Event "Weihnachtsopen (A)"]
[Site "Zurich"]
[Date "2010.12.27"]
[Round "2"]
[White "Retti, Ivan"]
[Black "Andjelkovic , Slavko"]
[Result "1-0"]
[WhiteElo "1758"]
[BlackElo "1778"]
[PlyCount "45"]

1. e4 c5 2. Nf3 Nc6 3. Bb5 a6 4. Bxc6 bxc6 5. O-O d6 6. c3 Nf6 7. Re1 g6 8. d4
cxd4 9. cxd4 Bg7 10. Nc3 O-O 11. Qc2 Qc7 12. Bf4 Nh5 13. Be3 e5 14. dxe5 dxe5
15. Rac1 Qb7 16. Na4 Qb5 17. Nb6 Rb8 18. Qxc6 Qxb2 19. Nxc8 Rbxc8 20. Qxc8 Rxc8
21. Rxc8+ Bf8 22. Bc5 Kg7 23. Bxf8+ 1-0

[Event "Weihnachtsopen (A)"]
[Site "Zurich"]
[Date "2010.12.27"]
[Round "2"]
[White "Arocha, Carlos"]
[Black "Sprenger, Raphael"]
[Result "0-1"]
[WhiteElo "1845"]
[BlackElo "1997"]
[PlyCount "74"]

1. e4 c5 2. Nf3 d6 3. d4 cxd4 4. Nxd4 Nf6 5. Nc3 g6 6. Be3 Bg7 7. f3 O-O 8. Qd2
Nc6 9. O-O-O d5 10. exd5 Nxd5 11. Nxc6 bxc6 12. Nxd5 cxd5 13. Qxd5 Qc7 14. Qc5
Qb7 15. Qa3 Rb8 16. b3 Bf5 17. Bd3 Rfc8 18. Bxf5 gxf5 19. Rd3 Qc7 20. c4 a5 21.
Rd5 Qb7 22. Rc5 a4 23. Rxc8+ Rxc8 24. Kc2 axb3+ 25. Qxb3 Qc7 26. Rb1 Qxh2 27.
Bd2 Qxg2 28. Qd3 Bh6 29. Rd1 Bxd2 30. Rxd2 Qg6 31. f4 Qa6 32. Rg2+ Kf8 33. Kc3
Qa5+ 34. Kb2 Rb8+ 35. Kc1 Qe1+ 36. Kc2 Qb1+ 37. Kc3 Qa1+ 0-1

[Event "Weihnachtsopen (M)"]
[Site "Zurich"]
[Date "2010.12.27"]
[Round "2"]
[White "Baramidze, David"]
[Black "Ross, Chris"]
[Result "1-0"]
[WhiteElo "2546"]
[BlackElo "2223"]
[PlyCount "87"]

1. Nf3 Nf6 2. c4 g6 3. d4 Bg7 4. Nc3 O-O 5. Bg5 d6 6. e3 Nbd7 7. Be2 c6 8. O-O
Qc7 9. Qc2 e5 10. Rfd1 Re8 11. h3 Nf8 12. c5 exd4 13. cxd6 Qxd6 14. Nxd4 Qc5
15. Bxf6 Bxf6 16. Ne4 Qe7 17. Nxf6+ Qxf6 18. b4 Ne6 19. Nb3 Ng5 20. Bf1 Bf5 21.
Qc5 Ne4 22. Qd4 Qh4 23. g3 Qg5 24. Bg2 Rad8 25. Qxa7 Nxg3 26. fxg3 Qxg3 27.
Rxd8 Rxd8 28. e4 Bxe4 29. Qf2 Qg5 30. Re1 Bf5 31. Qe3 Qh5 32. Qe5 Rd1 33. Kh2
Rxe1 34. Qxe1 Be6 35. Nc5 Qf5 36. Nxe6 fxe6 37. Qg3 Kg7 38. a4 h5 39. a5 g5 40.
h4 g4 41. Qe3 Kf6 42. Qg5+ Ke5 43. Bxc6 Kd6 44. Qxf5 1-0

[Event "Weihnachtsopen (M)"]
[Site "Zurich"]
[Date "2010.12.27"]
[Round "2"]
[White "Klauser, Markus"]
[Black "Lang, Fabian"]
[Result "1-0"]
[WhiteElo "2372"]
[BlackElo "2054"]
[PlyCount "87"]

1. e4 c5 2. Nf3 e6 3. d4 cxd4 4. Nxd4 a6 5. Bd3 Nf6 6. O-O d6 7. c4 Bd7 8. Nc3
Nc6 9. Nxc6 Bxc6 10. b4 b6 11. Bb2 Be7 12. f4 O-O 13. Qe2 Nd7 14. Rad1 Qc7 15.
Nd5 exd5 16. exd5 Ba4 17. Qxe7 (17. Bxh7+ Kxh7 18. Qh5+ Kg8 19. Bxg7 Kxg7 20.
Qg4+ Kh8 21. Rd3 Nf6 22. Rh3+ Nh7 23. Rxh7+ Kxh7 24. Rf3 Qd8 25. Rh3+ Bh4 26.
Rxh4+ Qxh4 27. Qxh4+ Kg6 28. Qg4+ Kh7 29. f5 $18) 17... Bxd1 18. Rxd1 Rae8 19.
Qg5 g6 20. Qh6 f6 21. Bxg6 Re7 22. Bf5 Qxc4 23. Be6+ (23. Rd3 Rff7 24. Rg3+ Kh8
25. Be6 Rxe6 26. dxe6 Qxe6 27. h3 $16) 23... Rxe6 24. dxe6 Qxe6 25. Qh3 Re8 26.
Qxe6+ Rxe6 27. Kf2 f5 28. Kf3 Kf7 29. Rd5 Kg6 30. g4 fxg4+ 31. Kxg4 Nf6+ 32.
Bxf6 Rxf6 33. f5+ Kf7 34. b5 a5 35. Rd3 Ke7 36. Rc3 d5 37. Kf4 Rd6 38. Ke5 Kd7
39. Rh3 h6 40. Rg3 Ke7 41. Rg7+ Kf8 42. Rh7 Rd8 43. Rh8+ Ke7 44. Rxd8 1-0

[Event "Weihnachtsopen (M)"]
[Site "Zürich"]
[Date "2010.12.27"]
[Round "3"]
[White "Wyss, Jonas"]
[Black "Gagunashvili, Merab"]
[Result "1/2-1/2"]
[WhiteElo "2307"]
[BlackElo "2619"]
[PlyCount "85"]

1. e4 d6 2. d4 Nf6 3. Nc3 e5 4. dxe5 dxe5 5. Qxd8+ Kxd8 6. Bg5 Be6 7. O-O-O+
Nbd7 8. f4 exf4 9. Nf3 Kc8 10. Bxf4 Bb4 11. Nb5 Ba5 12. Ng5 Re8 13. Be2 h6 14.
Nxe6 Rxe6 15. e5 Nxe5 16. Nd4 Re8 17. Bxe5 Rxe5 18. Nc6 Re8 19. c3 a6 20. Nxa5
Rxe2 21. Rhe1 Rxe1 22. Rxe1 b6 23. Nc4 Kd7 24. Ne5+ Ke6 25. Nc4+ Kd5 26. Ne3+
Kc6 27. Nf5 Nd5 28. Nxg7 Rg8 29. Nf5 Rxg2 30. Nxh6 f6 31. h4 Kd7 32. Nf5 Rf2
33. Ng3 f5 34. Rh1 Ke6 35. h5 Nf6 36. h6 Nh7 37. Nh5 f4 38. Rg1 f3 39. Rg7 Rh2
40. Rxh7 Rxh5 41. Kd2 Re5 42. Rh8 Re2+ 43. Kd3 1/2-1/2

[Event "Weihnachtsopen (M)"]
[Site "Zürich"]
[Date "2010.12.27"]
[Round "3"]
[White "Lehmann, Andreas"]
[Black "Burmakin, Vladimir"]
[Result "0-1"]
[WhiteElo "2302"]
[BlackElo "2604"]
[PlyCount "110"]

1. e4 c6 2. d4 d5 3. Nc3 g6 4. Nf3 Bg7 5. h3 dxe4 6. Nxe4 Nd7 7. Bc4 Ngf6 8.
Nxf6+ Nxf6 9. O-O O-O 10. Bf4 b6 11. Qe2 Bb7 12. Rad1 e6 13. Ba6 Qc8 14. Bxb7
Qxb7 15. Be5 Rfd8 16. Ng5 Rd7 17. Qf3 Ne8 18. Bxg7 Kxg7 19. Rd3 Rad8 20. Rfd1
Rd5 21. Ne4 Qe7 22. Nc3 R5d6 23. Ne4 R6d7 24. a3 Nd6 25. Nxd6 Rxd6 26. Qe4 Kg8
27. h4 h5 28. g3 Rd5 29. Kg2 Qb7 30. Kg1 Qa6 31. R1d2 Qa4 32. Qe3 Rb5 33. b4
Rf5 34. Qe4 Qb5 35. Rf3 Rfd5 36. Qd3 Qa4 37. Qe4 c5 38. Qf4 Qd7 39. c3 e5 40.
Qf6 exd4 41. cxd4 cxd4 42. Rfd3 Qc7 43. Rxd4 Qc1+ 44. Rd1 Qxd1+ 45. Rxd1 Rxd1+
46. Kg2 R1d5 47. f3 R8d6 48. Qe7 a5 49. bxa5 bxa5 50. g4 hxg4 51. fxg4 Re6 52.
Qb7 Rd4 53. Qc8+ Kg7 54. Qc3 Ree4 55. g5 a4 0-1

[Event "Weihnachtsopen (M)"]
[Site "Zürich"]
[Date "2010.12.27"]
[Round "3"]
[White "Hamdouchi, Hicham"]
[Black "Botta, Gabriele"]
[Result "1-0"]
[WhiteElo "2591"]
[BlackElo "2270"]
[PlyCount "103"]

1. g3 c5 2. Bg2 Nc6 3. e4 g6 4. Ne2 Bg7 5. O-O e6 6. c4 Nge7 7. Nbc3 O-O 8. a3
d6 9. Rb1 a5 10. d3 b6 11. Be3 Ba6 12. f4 Rc8 13. Kh1 f5 14. b3 Nd4 15. Bf2
Nxe2 16. Nxe2 fxe4 17. dxe4 b5 18. Qc2 Qc7 19. Rfd1 bxc4 20. bxc4 e5 21. Qd3
Rcd8 22. Nc3 exf4 23. gxf4 Kh8 24. Nb5 Bxb5 25. cxb5 Nc8 26. Qd5 Ne7 27. Qe6
Nc8 28. Be3 Nb6 29. Rbc1 Rfe8 30. Qa2 a4 31. Qd2 Qf7 32. e5 Qb3 33. Bf1 h5 34.
Rc3 Qe6 35. exd6 Bxc3 36. Qxc3+ Kh7 37. Bxc5 Rc8 38. Qd4 Nd7 39. Bb4 Qf5 40.
Bg2 Qxb5 41. Bc3 Rxc3 42. Qxc3 Qe2 43. Qf3 Qc2 44. f5 Qxf5 45. Qxf5 gxf5 46.
Bc6 Rd8 47. Bxa4 Nb6 48. Bb5 Kg6 49. a4 Kf6 50. a5 Nc8 51. d7 Ne7 52. a6 1-0

[Event "Weihnachtsopen (M)"]
[Site "Zürich"]
[Date "2010.12.27"]
[Round "3"]
[White "Bindrich, Falko"]
[Black "Antognini, Francesco"]
[Result "1-0"]
[WhiteElo "2504"]
[BlackElo "2236"]
[PlyCount "41"]

1. Nf3 Nf6 2. c4 e6 3. g3 c5 4. Bg2 Nc6 5. O-O Be7 6. d4 cxd4 7. Nxd4 O-O 8.
Nc3 a6 9. b3 Qc7 10. Bb2 d6 11. Rc1 Nxd4 12. Qxd4 Bd7 13. Rfd1 Rfd8 14. h3 Rac8
15. Qa7 d5 16. cxd5 Bc5 17. d6 Bxa7 18. dxc7 Rxc7 19. Ne4 Nd5 20. Rxc7 Nxc7 21.
Nf6+ {Diagramm #} 1-0

[Event "Weihnachtsopen (M)"]
[Site "Zürich"]
[Date "2010.12.27"]
[Round "3"]
[White "Strunski, Andreas"]
[Black "Grandadam, Patrik"]
[Result "0-1"]
[WhiteElo "2373"]
[BlackElo "2271"]
[PlyCount "74"]

1. d4 d5 2. c4 e6 3. Nf3 c6 4. e3 Nf6 5. b3 c5 6. Bd3 Nc6 7. Bb2 Be7 8. O-O O-O
9. Nc3 b6 10. Qe2 Nb4 11. Bb1 Bb7 12. a3 Nc6 13. Rd1 cxd4 14. exd4 Na5 15. Ba2
Rc8 16. Ne5 Ba6 17. Rac1 Nd7 18. a4 Bg5 19. Rc2 Nxe5 20. dxe5 Qe7 21. Qg4 dxc4
22. b4 Nc6 23. Ne4 Rfd8 24. b5 Nb4 25. Ba3 Rxd1+ 26. Qxd1 Rd8 27. Qb1 Qd7 28.
Bxb4 Qd1+ 29. Be1 Bb7 30. Rd2 Rxd2 31. Nxd2 Qg4 32. g3 Bxd2 33. Bxd2 Qf3 34.
Kf1 Be4 35. Qc1 Qh1+ 36. Ke2 Bd3+ 37. Ke3 Qe4# {Diagramm #} 0-1

[Event "Weihnachtsopen (M)"]
[Site "Zürich"]
[Date "2010.12.27"]
[Round "3"]
[White "Muheim, Sebastian"]
[Black "Friedrich, Norbert"]
[Result "0-1"]
[WhiteElo "2175"]
[BlackElo "2320"]
[PlyCount "114"]

1. e4 c5 2. Nf3 e6 3. b3 a6 4. Bb2 d6 5. Nc3 Nf6 6. d4 cxd4 7. Nxd4 Bd7 8. Bd3
Nc6 9. Nxc6 Bxc6 10. O-O Be7 11. f4 O-O 12. Kh1 Nd7 13. Rf3 Bf6 14. Rg3 g6 15.
a4 Qa5 16. Be2 Nc5 17. Rb1 Nxe4 18. Nxe4 Bxb2 19. Nxd6 Bg7 20. b4 Qc7 21. c4
Bxa4 22. Qd2 Rfd8 23. Rd3 Bf8 24. c5 Bc6 25. Rd1 Be7 26. Qe3 a5 27. b5 Bd5 28.
b6 Qd7 29. Bf3 Bxd6 30. Bxd5 Bxc5 31. Qxc5 exd5 32. Rxd5 Qe8 33. Rxd8 Rxd8 34.
Rxd8 Qxd8 35. h3 a4 36. Qc7 Qa8 37. Qc2 a3 38. Qa2 Qa4 39. f5 Qb4 40. f6 Qe1+
41. Kh2 Qe5+ 42. Kh1 Qxf6 43. Qxa3 Qxb6 44. Qe7 h5 45. Qe8+ Kg7 46. Qe5+ Kh7
47. Qd5 Kg8 48. Qd7 Qc6 49. Qd8+ Kg7 50. Qd4+ Kh7 51. Qf4 Qd5 52. Kh2 b5 53. g4
hxg4 54. hxg4 Qc4 55. Qf6 b4 56. Qh4+ Kg7 57. Qg5 Qd4 0-1

[Event "Weihnachtsopen (M)"]
[Site "Zürich"]
[Date "2010.12.27"]
[Round "3"]
[White "Ross, Chris"]
[Black "Jussupow, Nadia"]
[Result "1-0"]
[WhiteElo "2223"]
[BlackElo "2127"]
[PlyCount "75"]

1. d4 d5 2. c4 e6 3. Nc3 Be7 4. Nf3 Nf6 5. cxd5 exd5 6. Bg5 O-O 7. Qc2 c6 8. e3
Nbd7 9. Bd3 Re8 10. O-O Nf8 11. h3 Ng6 12. Rab1 Bd6 13. Nh4 Bc7 14. Nxg6 hxg6
15. b4 a6 16. a4 Be6 17. Ne2 Qd7 18. Bf4 Ne4 19. Bxc7 Qxc7 20. b5 axb5 21. axb5
Bf5 22. bxc6 bxc6 23. Rfc1 Ra3 24. Rb3 Rxb3 25. Qxb3 Nd2 26. Qc3 Bxd3 27. Qxd2
Bc4 28. Nf4 Ra8 29. h4 Qe7 30. g3 g5 31. hxg5 Qxg5 32. Qb4 Qf6 33. Qb7 Ra2 34.
Qb8+ Kh7 35. Qb1+ Kg8 36. Qb8+ Kh7 37. Qb1+ Kg8 38. Rxc4 1-0

[Event "Weihnachtsopen (M)"]
[Site "Zürich"]
[Date "2010.12.27"]
[Round "3"]
[White "Knoedler, Dieter"]
[Black "Milov, Leonid"]
[Result "0-1"]
[WhiteElo "2350"]
[BlackElo "2564"]
[PlyCount "66"]

1. c4 f5 2. Nf3 Nf6 3. g3 d6 4. Nc3 e5 5. d3 Be7 6. Bg2 O-O 7. O-O Qe8 8. c5
Nc6 9. cxd6 cxd6 10. b4 Kh8 11. b5 Nd8 12. Nd2 Be6 13. Bb2 d5 14. a4 Rc8 15. e3
Nf7 16. Nf3 Bd6 17. Ne2 Qe7 18. Rc1 Rxc1 19. Qxc1 e4 20. dxe4 dxe4 21. Nfd4 Bd7
22. Qa1 Ne5 23. Nf4 g5 24. Nfe2 h6 25. Rd1 Kh7 26. h3 Nd3 27. Nc1 Nxb2 28. Qxb2
f4 29. exf4 gxf4 30. Qb3 Rg8 31. Re1 fxg3 32. f3 Bc5 33. Qc4 Be6 0-1

[Event "Weihnachtsopen (M)"]
[Site "Zürich"]
[Date "2010.12.27"]
[Round "3"]
[White "Rindlisbacher, Lars"]
[Black "Gaehler, Marco"]
[Result "1-0"]
[WhiteElo "2222"]
[BlackElo "2346"]
[PlyCount "79"]

1. d4 Nf6 2. c4 d6 3. Nf3 Bg4 4. Nc3 g6 5. e4 Bg7 6. Be3 O-O 7. h3 Bxf3 8. Qxf3
Nfd7 9. Qd1 e5 10. d5 f5 11. Be2 a5 12. O-O f4 13. Bd2 Na6 14. b3 Nf6 15. a3
Qe8 16. Bf3 h5 17. Nb5 g5 18. g4 hxg4 19. hxg4 Qg6 20. Bxa5 b6 21. Bxb6 cxb6
22. Nxd6 Nd7 23. Nf5 Kf7 24. b4 Rfc8 25. Qb3 Bf8 26. Kg2 Nc7 27. Rh1 Ne8 28.
Rh3 Nd6 29. Be2 Nxf5 30. gxf5 Qd6 31. Rh7+ Bg7 32. Qh3 Nf6 33. Qh6 Rg8 34. c5
Qd7 35. Qg6+ Kf8 36. Qxf6+ Bxf6 37. Rxd7 g4 38. Bc4 f3+ 39. Kg3 Bg5 40. Kxg4
1-0